Religion Quiz

Random Religion or Country Quiz
Score 0/6 Timer 02:30
1 Play Today
Hint Answer % Correct
EuropeItaly
97.8%
North AmericaUnited States
97.7%
South AmericaBrazil
97.1%
OceaniaAustralia
93.9%
AsiaIndia
76.4%
AfricaGhana
35.4%
Remove Ads.
Support Sporcle.
Get the best of Sporcle when you Go Orange. This ad-free experience offers more features, more stats, and more fun while also helping to support Sporcle. Thank you for becoming a member.

You're not logged in!

Compare scores with friends on all Sporcle quizzes.
OR
Log In

Show Comments

Extras

Top Quizzes Today


Score Distribution

Your Account Isn't Verified!

In order to create a playlist on Sporcle, you need to verify the email address you used during registration. Go to your Sporcle Settings to finish the process.

Report this User

Report this user for behavior that violates our Community Guidelines.

Details: